000 00626nam a22001937a 4500
999 _c157923
_d157923
005 20181010150709.0
010 _aENG-124227
020 _a9789386050922
_c350.00
035 _aEN-107759
037 _bDBAD/PUB
082 _a335.4092254
100 _aSengupta, Swati
245 _aOut of war:
_cby Swati Sengupta
_bvoices of surrendered maoists /
260 _aNew Delhi
_bSpeaking Tiger
_c2016
270 _a4381/4, Ansari Road, Daryaganj,
_bNew Delhi
_e110002
300 _axii,269p.
_c21cm(Hb)
500 _aIt includes bibliographical notes and acknowledgement
942 _2ddc
_cEN
_h335.4092254
_mSEN